书目信息 |
| 题名: |
表面活性剂制备技术与分析测试
|
|
| 作者: | 王伟 , 刘深 , 谢亚杰 编著 | |
| 分册: | ||
| 出版信息: | 北京 化学工业出版社 2006.03 |
|
| 页数: | 448页 | |
| 开本: | 21cm | |
| 丛书名: | ||
| 单 册: | ||
| 中图分类: | TQ423 | |
| 科图分类: | ||
| 主题词: | 表面活性剂--制备 | |
| 电子资源: | ||
| ISBN: | 7-5025-7847-1 | |
| 000 | 00692nam0 2200217 450 | |
| 001 | 0631695687 | |
| 005 | 20061010162425.78 | |
| 010 | @a7-5025-7847-1@dCNY 29.00 | |
| 100 | @a20060818d2006 km y0chiy0120 ea | |
| 101 | 0 | @achi |
| 102 | @aCN@b110000 | |
| 200 | 1 | @a表面活性剂制备技术与分析测试@Abiao mian huo xing ji zhi bei ji shu yu fen xi ce shi@f谢亚杰,王伟,刘深编著@Fxie ya jie,wang wei,liu shen bian zhu |
| 210 | @a北京@c化学工业出版社@d2006.03 | |
| 215 | @a448页@d21cm | |
| 606 | 0 | @a表面活性剂@x制备 |
| 690 | @aTQ423@v4 | |
| 701 | 0 | @a王伟@Awang wei@4编著 |
| 701 | 0 | @a刘深@Aliu shen@4编著 |
| 701 | 0 | @a谢亚杰@Axie ya jie@4编著 |
| 801 | @aCN@c20061010 | |
| 905 | @a10447@dTQ423@eX482 | |
| 表面活性剂制备技术与分析测试/谢亚杰,王伟,刘深编著.-北京:化学工业出版社,2006.03 |
| 448页;21cm |
| ISBN 7-5025-7847-1:CNY 29.00 |
| ● |
| 相关链接 |
|
|
|
正题名:表面活性剂制备技术与分析测试
索取号:TQ423/X482
 
预约/预借
| 序号 | 登录号 | 条形码 | 馆藏地/架位号 | 状态 | 备注 |
| 1 | 608371 | 206083717 | 期刊室512/501自科库 39排3列5层/ [索取号:TQ423/X482] | 在馆 | |
| 2 | 608372 | 206083726 | 自科库501/501自科库 39排3列5层/ [索取号:TQ423/X482] | 在馆 | |
| 3 | 608373 | 206083735 | 自科库501/501自科库 39排3列5层/ [索取号:TQ423/X482] | 在馆 |